000 00315nam a22001337a 4500
020 _a1-8442-2696-4
082 _a823
_bREA/B
100 _aREADER COLIN
245 _aTHE BEAST OF BABBLEBOROOK
_bLITTLE RED TRACTOR
260 _aITALY
_bLADY BIRD
300 _a29
650 _aENGLISH SHORT STORY
_zITALY
942 _cBK
999 _c2149
_d2149